000 00657nam a2200217Ii 4500
003 JO-AjNU
008 230606s9999||||xx |||||||||||||| ||und||
020 _a81-261-1541-6
040 _aJO-AjNU
_beng
_erda
_cJO-AjNU
041 _aeng
050 1 4 _aHV 6030 2004
100 3 _aSharma,S.R,
_eauthor
_9355
245 0 0 _aDimensions of Cyber Crime
264 3 1 _aNew Delhi: Anmol Publications PVT LTD,2004
300 _a436P
_b Includes indexes(p426-436)
336 _atext
_btxt
_2rdacontent
337 _aunmediated
_bn
_2rdamedia
338 _avolume
_bnc
_2rdacarrier
490 0 _aEncyclopaedia of Cyber Laws and Crime Series
650 4 _aCyber Crime
_9356
999 _aE187
_c187
_d187